| 000 | 00375nam a2200169Ia 4500 | ||
|---|---|---|---|
| 008 | 210210b1925 xxu||||| |||| 00| 0 eng d | ||
| 041 | _aeng | ||
| 082 | _a954/90 | ||
| 100 | _aDUTT (N K) | ||
| 245 | _aAryanisation of India | ||
| 260 |
_aCalcutta _b- _c1925 |
||
| 650 | _aof | ||
| 650 | _aIndia | ||
| 650 | _aAryanisation | ||
| 690 | _aIndian History | ||
| 906 | _a025849 | ||
| 999 |
_c151763 _d151763 |
||